Taylor Swift or Shakespeare? #1 - Statistics

General Stats
  • This quiz has been taken 394 times
  • The average score is 9 of 13
Answer Stats
Question Answer % Correct
"Reason and love keep little company together" Shakespeare
85%
"I just sit here and wait grieving for the living" Taylor Swift
77%
"Did I close my fist around something delicate? Did I shatter you?" Taylor Swift
76%
"I wounded the good and I trusted the wicked" Taylor Swift
75%
"In black ink my love may still shine bright" Shakespeare
74%
"You were so magnetic it was almost obnoxious" Taylor Swift
71%
"How can it be said I am alone when all the world is here to look on me?" Shakespeare
70%
"Can't not think of all the cost and the things that will be lost" Taylor Swift
70%
"Do you miss the rogue who coaxed you into paradise and left you there?" Taylor Swift
63%
"True love never did run smooth" Shakespeare
62%
"The chronicle of wasted time" Shakespeare
57%
"When I was at home, I was in a better place" Shakespeare
56%
"All we are is skin and bone" Taylor Swift
55%
No matching quizzes found
Score Distribution
Percent of People with Each Score
Percentile by Number Answered
Your Score History
You have not taken this quiz